Central Library and Information Centre
Sibsagar Girls' College, Sivasagar : Assam

ASOMIYA SAHITYAR SURABHI (Record no. 4808)

MARC details
000 -LEADER
fixed length control field 00404cam a2200169ua 4500
008 - FIXED-LENGTH DATA ELEMENTS--GENERAL INFORMATION
fixed length control field 131212n II |||gr||||Z||||||asm
040 ## - CATALOGING SOURCE
Original cataloging agency MAIN
041 ## - LANGUAGE CODE
-- English
082 ## - DEWEY DECIMAL CLASSIFICATION NUMBER
Classification number 891.451 NAT
100 ## - MAIN ENTRY--PERSONAL NAME
Personal name NATH, PRAFULLA KUMAR.
245 ## - TITLE STATEMENT
Title ASOMIYA SAHITYAR SURABHI
260 ## - PUBLICATION, DISTRIBUTION, ETC.
Place of publication, distribution, etc. GUWAHATI:
Name of publisher, distributor, etc. SHANTI PRAKASHAN,
Date of publication, distribution, etc. 1992.
300 ## - PHYSICAL DESCRIPTION
Extent 240:
Dimensions 22CM.
942 ## - ADDED ENTRY ELEMENTS (KOHA)
Koha item type Books
653 ## - INDEX TERM--UNCONTROLLED
Uncontrolled term Asomiya Sahitya
Holdings
Withdrawn status Lost status Damaged status Not for loan Collection code Home library Current library Shelving location Date acquired Full call number Barcode Date last seen Copy number Price effective from Koha item type Public note
        TBASM Central Library and Information Centre Sibsagar Girls College Central Library and Information Centre Sibsagar Girls College   19.06.1995 891.451 NAT 13072 27.02.2020 1 27.02.2020 Books  
Withdrawn       TBASM Central Library and Information Centre Sibsagar Girls College Central Library and Information Centre Sibsagar Girls College Staff Office 19.06.1995 891.451 NAT 13073 27.02.2020 2 27.02.2020 Books V


Sibsagar Girl's College © 2020. All rights reserved.
Powered by Koha.
Maintained by Abhijit Borpuzari.